000 00666nam a2200229 i 4500
001 C2-0334553
003 PPAK
005 20180728134331.0
008 151109s2015 my a|||| ||||| | may d
020 _a9789834619992
040 _aPPAK
_beng
_cPPAK
_erda
082 0 4 _a899.2308
_223
090 0 0 _a899.2308
_bANT
_dK
245 0 0 _aAntologi pengkarya guru :
_baku tiung mas
264 1 _aKuala Lumpur :
_bDewan Bahasa dan Pustaka ,
_c2015
300 _avi, 86 pages :
_bcolour illustrations ;
_c25 cm
336 _2rdacontent
_atext
337 _2rdamedia
_aunmediated
338 _2rdacarrier
_avolume
650 1 0 _aPantoums. ; Malay poetry.
942 _ddc
_cB
999 _c133016
_d133016